NFL Top 25 Passing Yard Leaders Quiz Stats

 Plays Quiz not verified by Sporcle

Support Sporcle.
Go Orange.
Score 0/25 Timer 05:00
0 Plays Today
Rank Player % Correct
#1Drew Brees
100%
#2Tom Brady
100%
#3Payton Manning
100%
#7Eli Manning
100%
#4Brett Favre
95.2%
#5Dan Marino
95.2%
#6Philip Rivers
95.2%
#8Ben Roethlisberger
93.7%
#10Matt Ryan
90.5%
#9John Elway
88.9%
#13Aaron Rodgers
88.9%
#20Joe Montana
85.7%
#11Warren Moon
81%
Rank Player % Correct
#18Matthew Stafford
77.8%
#17Dan Fouts
76.2%
#21Johnny Unitas
76.2%
#12Fran Tarkenton
73%
#15Vinny Testaverde
73%
#25Donovan McNabb
73%
#14Carson Palmer
71.4%
#16Drew Bledsoe
65.1%
#22Joe Flacco
57.1%
#19Kerry Collins
52.4%
#24Boomer Esiason
47.6%
#23Dave Krieg
41.3%

You're not logged in!

Compare scores with friends on all Sporcle quizzes.
OR
Log In

From the Vault

Click an 'A' TV Show

by Doctor_Arzt

We're hoping you can tell 'Anne with an E' apart from 'Agents of S.H.I.E.L.D.'
Remove Ads.
Support Sporcle.
Get the best of Sporcle when you Go Orange. This ad-free experience offers more features, more stats, and more fun while also helping to support Sporcle. Thank you for becoming a member.

Show Comments

Extras

Top Quizzes Today


Score Distribution

Your Account Isn't Verified!

In order to create a playlist on Sporcle, you need to verify the email address you used during registration. Go to your Sporcle Settings to finish the process.

Report this User

Report this user for behavior that violates our Community Guidelines.

Details: